000 00847nam a22002897a 4500
003 CHAP
005 20220329133736.0
008 971013s1978 r 00010 d
010 _a10206
011 _a11178
035 _a10416
040 _cCHAP
082 _a339.2
_bA24
100 0 0 _aAckley, Gardner.
_9613
245 _aMacroeconomics
_b: theory and policy
260 _aNew York :
_bMacmillan,
_c1978
300 _a738 p.
_b; gráfs.
590 _aBATCH-UPD
_b10
_c20130110
_lUCH01
_h1814
590 _aBATCH-UPD
_b10
_c20130410
_lUCH01
_h1149
590 _aBATCH-UPD
_b10
_c20130914
_lUCH01
_h1642
590 _aCONVERSION
_b10
_c20130109
_lUCH01
_h1307
650 1 4 _aIngresos.
_958362
650 1 4 _aMacroeconomía.
_969550
901 _aBK
942 _cLIBRO
949 _a339.2 A24
_bBC
_cLIBRO
_d33724000384996
_eLIBRO
_h1838
_i10416
_si
_t259.00
999 _c10206
_d10206